000 00269nam a2200121Ia 4500
008 190216s9999||||xx |||||||||||||| ||und||
100 _aRamadarsh
245 0 _aHindi-Fir Cub Ayengo
260 _bPragathi Prakashan
300 _a135
650 _aHindi
942 _cBK
999 _c16267
_d16267